Faktory intenzifikace stavební výroby

Enregistré dans:
Détails bibliographiques
Auteur principal: Kobelka, Ladislav
Format: Livre
Langue:tchèque
Publié: Praha Dům techn. ČSVTS 1990
Édition:1. vyd.
Collection:Řízení staveb 8
Tags: Ajouter un tag
Pas de tags, Soyez le premier à ajouter un tag!

MARC

LEADER 00000nam a2200000 4500
001 c022027
005 20221215115947.8
041 0 |a cze 
044 |a CZ 
245 1 0 |a Faktory intenzifikace stavební výroby  |c Ladislav Kobelka 
250 |a 1. vyd. 
264 1 |a Praha  |b Dům techn. ČSVTS  |c 1990 
300 |a 106 s. 
490 1 |a Řízení staveb  |v 8 
830 0 |a Řízení staveb  |v 8 
100 1 |a Kobelka, Ladislav